Analog : data manual.
Guardado en:
| Autor Corporativo: | |
|---|---|
| Formato: | Libro |
| Idioma: | English |
| Publicado: |
[Sunnyvale, California] :
Signetics Corporation,
c1979.
|
| Materias: | |
| Etiquetas: |
Agregar Etiqueta
Sin Etiquetas, Sea el primero en etiquetar este registro!
|
| LEADER | 00884nam a22002295a 4500 | ||
|---|---|---|---|
| 001 | EIQ.libpla004058 | ||
| 008 | 080509s1979####caua##########000#0#eng#d | ||
| 005 | 20080509173309.0 | ||
| 245 | 0 | 0 | |a Analog : |b data manual. |
| 260 | |a [Sunnyvale, California] : |b Signetics Corporation, |c c1979. | ||
| 300 | |a 448 p. : |b il. ; |c 28 cm. | ||
| 500 | |a "Electronic components and materials for professional, industrial and consumer uses from the world-wide Philips Group of Companies". | ||
| 710 | 2 | |a Philips. | |
| 246 | 1 | 4 | |a Signetis integrated circuits 1979 |
| 246 | 1 | 8 | |a Analog circuits Signetics ICs 1979 |
| 246 | 1 | 4 | |a Analog circuits |
| 650 | 4 | |a Electrónica |x Catálogos. | |
| 650 | 4 | |a Electrónica |x Dispositivos analógicos. | |
| 650 | 4 | |a Electronics |x Catalogs. | |
| 650 | 4 | |a Electronics |x Analog devices. | |
| 040 | |a AR-BbSID |b spa |c AR-BbSID | ||
| 859 | |a AR-BbSID |b BIB. PLAPIQUI |h 621.381 75 |i An 13 |p 3750 | ||
